Statistics for "World Capitals" - Illinois & Indiana Edition

Click here to take the quiz!

General Stats

  • This quiz has been taken 10 times
  • The average score is 3 of 19

Answer Stats

World Capital of ....StateCITY/TOWN% Correct
Amateur SportsINIndianapolis
75%
RoundaboutINCarmel
50%
RacingINSpeedway
50%
CircusINPeru
38%
PopcornINVan Buren
25%
RVINElkhart
25%
HorseradishILCollinsville
13%
OrthopedicINWarsaw
13%
Covered BridgeINRockville
13%
Magnet WireINFort Wayne
0%
MarigoldILPekin
0%
BagelILMattoon
0%
PeppermintINMishawka
0%
PlowILMoline
0%
HogILKewanee
0%
PumpkinILMorton
0%
Purple MartinILGriggsville
0%
Barbed WireILDeKalb
0%
MelonILThomson
0%

Score Distribution

Percentile by Number Answered

Percent of People with Each Score

Your Score History

You have not taken this quiz